Forests challenge badge / (Record no. 12019)

000 -LEADER
fixed length control field 00777cam a22002177a 4500
020 ## - INTERNATIONAL STANDARD BOOK NUMBER
ISBN 9789251079737
020 ## - INTERNATIONAL STANDARD BOOK NUMBER
ISBN 9251079730
040 ## - CATALOGING SOURCE
Transcribing agency DKU
082 04 - DEWEY DECIMAL CLASSIFICATION NUMBER
Classification number 333 FOO 2013 A018 Or.
245 00 - TITLE STATEMENT
Title Forests challenge badge /
260 ## - PUBLICATION, DISTRIBUTION, ETC. (IMPRINT)
Place of publication [Rome] :
Name of publisher Food and Agriculture Organization of the United Nations,
Year of publication 2013.
300 ## - PHYSICAL DESCRIPTION
Number of Pages 149 p. :
Other physical details col. ill., map ;
Dimensions 21 cm.
490 1# - SERIES STATEMENT
Series statement YUNGA learning and action series
500 ## - GENERAL NOTE
General note At head of title: Youth and United Nations Global Alliance (YUNGA)
650 #0 - SUBJECT ADDED ENTRY--TOPICAL TERM
Topical Term Forests and forestry
650 #0 - SUBJECT ADDED ENTRY--TOPICAL TERM
Topical Term Forests and forestry.
710 2# - ADDED ENTRY--CORPORATE NAME
Corporate name or jurisdiction name as entry element Convention on Biological Diversity (Organization)
710 2# - ADDED ENTRY--CORPORATE NAME
Corporate name or jurisdiction name as entry element Youth and United Nations Global Alliance.
710 2# - ADDED ENTRY--CORPORATE NAME
Corporate name or jurisdiction name as entry element Food and Agriculture Organization of the United Nations.
942 ## - ADDED ENTRY ELEMENTS (KOHA)
Koha item type សៀវភៅភាសាអង់គ្លេស
952 ## - LOCATION AND ITEM INFORMATION (KOHA)
Withdrawn status [LOCAL, KOHA] 0
Holdings
Permanent Location Date acquired Koha item type Lost status Shelving location Barcode Current Location Full call number
Library Block A2017-08-09សៀវភៅភាសាអង់គ្លេស A018RUA060114Library Block A333 FOO 2013 A018 Or.
មជ្ឈមណ្ឌលឯការនៃសាកលវិទ្យាល័យភូមិន្ទកសិកម្មចំការដូង

Powered by Koha